000 00832cab a2200253 4500
001 ABS50703
008 090401t1994 xxu||||| |||| 00| 0 eng d
035 _a(Sirsi) u13681
041 _aeng
100 _aCarter, J.P.
245 _aPrediction of repair parts budget requirement
260 _c1994
350 _a0
490 _aCost Engineering
_v36(4) April 1994, 15-22(8)
520 _aExplains a newly-developed model for estimating the cost of parts for facilities` repairs. Results of a study at Arizona State University.
650 _aCOSTS
650 _aBUILT ENVIRONMENT-BUILDING MAINTENANCE AND REFURBISHMENT
650 _aREPAIRS
690 _aBUILDING AND CONSTRUCTION-REPAIRS AND MAINTENANCE
690 _aOFFICE SERVICES AND ADMINISTRATION
700 _aMayo, R.E.
942 _n0
948 _c04/03/1997
999 _c8805
_d8805